00537nam a22001697a 450000500170000001000150001702000260003203500130005803700130007108200100008410000220009424500600011626000350017627000720021130000340028350000500031720151021123427.0 aENG-114038 c395.00a9788120351431 aEN-97570 bDBAD/PUB a629.2 aPanchal, Dhruv U. aTwo and three wheeler technology /cby Dhruv U. Panchal aNew DelhibPHI Learningc2015  aRimjhim House,111, Patparganj Industrial EstatebNew Delhie 110092 axiii,385p.:c25cm(pbk)bill.  aIncludes bibliographical references and index